000 00909nab a2200277 u 4500
001 19859
003 HDC
007 cr bn ---aaaaa
008 210201b20100621my ||||| |||| 0eng
040 _aHDC
245 0 _aHalal Malaysia Week To Rake Deals Of More Than RM3.8 Bln
260 _aKuala Lumpur :
_bBernama,
_c2010
300 _a1 online resource
336 _atext
_2rdacontent
337 _acomputer
_2rdamedia
338 _aonline resource
_2rdacarrier
650 _aFood industry and trade.
_9140
650 _aFood
_xReligious aspects
_xIslam
_9239
650 _aHalal food
_950
650 _aMuslim
_xDietary
_917134
710 _aBernama,
_eissung body
856 _zRequest full-text at [email protected]
942 _2lcc
942 _cNEWS
942 _kNWSO 005417
999 _c17175
_d17175